| 000 | 05666namaa22004451i 4500 | ||
|---|---|---|---|
| 003 | EG-GICUC | ||
| 005 | 20260414154430.0 | ||
| 008 | 260414s2025 ua a|||frm||| 000 0 eng d | ||
| 040 |
_aEG-GICUC _beng _cEG-GICUC _dEG-GICUC _erda |
||
| 041 | 0 |
_aeng _beng _bara |
|
| 049 | _aDeposit | ||
| 082 | 0 | 4 | _a668.4 |
| 092 |
_a668.4 _221 |
||
| 097 | _aM.Sc | ||
| 099 | _aCai01.07.04.M.Sc.2025.Ma.B | ||
| 100 | 0 |
_aManal Mohamed Lotfy Ibrahim, _epreparation. |
|
| 245 | 1 | 0 |
_aBiochemical studies of natural gum efficiency on chronic kidney failure and liver cirrhosis / _cby Manal Mohamed Lotfy Ibrahim ; Supervisors Dr. Hanaa Fawzy Mohamed Ali, Dr. Yasmin Emam Abdel-Mobdy, Dr. Hassan Mohamed Salem. |
| 246 | 1 | 5 | _aدراسات كيميائية حيوية عن فعالية الصمغ الطبيعي على الفشل الكلوي وتليف الكبد |
| 264 | 0 | _c2025. | |
| 300 |
_a196 pages : _billustrations ; _c25 cm. + _eCD. |
||
| 336 |
_atext _2rda content |
||
| 337 |
_aUnmediated _2rdamedia |
||
| 338 |
_avolume _2rdacarrier |
||
| 502 | _aThesis (M.Sc)-Cairo University, 2025. | ||
| 504 | _aBibliography: pages 154-196. | ||
| 520 | 3 | _aSeveral diseases are known to involve inflammation, oxidative stress (OS), and apoptosis such as chronic kidney disease (CKD) and hepatic disease. Oxidative stress is an important factor of atherosclerosis and cardiovascular complications which are major causes of mortality among the end–stage renal disease (ESR). The aim of this study is to investigate the effect of Gum Arabic (GA) against the renal damage and hepatotoxicity in rats induced by Chloropyrifos-methyl (CPM). GA has strong antioxidant, anti-inflammatory, and anti-apoptotic effect on kidney and liver functions. Rats were treated with CPM to induce renal and hepatic damage. Present study used two model of GA administration the original oral model in drinking water (15% W/V), and oral gavage model at dose (1g/kg b.wt). At the end of the experiment (8 weeks), parameters of kidney, and liver functions and oxidative stress were measured in plasma, renal and hepatic homogenates. Histopathological examination was done using H&E stain on liver and kidney tissues to investigate the efficacy of GA on the damaged tissues. GA was found to significantly abate CPM toxic effects. GA reduced renal morphological damage and histopathological markers of inflammation, fibrosis and apoptosis. It also lowered oxidative stress in renal and hepatic homogenates. In conclusion GA has strong antioxident, antiinflamatory and function ameliorated nephro and hepato damage caused by CPM. | |
| 520 | 3 | _aمن المعروف أن العديد من الأمراض تتضمن الالتهاب والإجهاد التأكسدي وموت الخلايا المبرمج مثل مرض الكلى المزمن ومرض الكبد. الإجهاد التأكسدي هو عامل مهم في تصلب الشرايين والمضاعفات القلبية الوعائية التي تعد من الأسباب الرئيسية للوفاة بين مرضى الفشل الكلوي في المرحلة النهائية. الهدف من هذه الدراسة هو دراسة تأثير الصمغ العربي ضد تلف الكلى والسمية الكبدية في الجرذان التي يسببها الكلوروبيريفوس ميثيل. يتمتع الصمغ العربي بتأثير قوي مضاد للأكسدة ومضاد للالتهابات ومضاد لموت الخلايا المبرمج على وظائف الكلى والكبد. عوملت الجرذان بالكلوروبيريفوس ميثيل لتحفيز تلف الكلى والكبد. استخدمت الدراسة الحالية نموذجين لإستخدام الصمغ العربي النموذج الفموي الأصلي في مياه الشرب (15٪ وزن / حجم) ونموذج التغذية الأنبوبية الفموية بجرعة (1 جم / كجم وزن الجسم). في نهاية التجربة ( 8 أسابيع) تم قياس مؤشرات وظائف الكلى والكبد والإجهاد التأكسدي في بلازما الدم بعد تجانسها. تم إجراء الفحص النسيجي باستخدام صبغة H&E على أنسجة الكبد والكلى للتحقيق في فعالية GA على الأنسجة التالفة. وجد أن GA يخفف بشكل كبير من التأثيرات السامة لـ CPM. كما قلل GA من الضرر المورفولوجي الكلوي والعلامات النسيجية للالتهاب والتليف والموت الخلوي المبرمج. كما خفض الإجهاد التأكسدي في متجانسات الكلى والكبد. في الختام، يتمتع GA بمضاد أكسدة قوي ومضاد للالتهابات لتخفيف تلف الكلى والكبد الناجم عن CPM. | |
| 530 | _aIssues also as CD. | ||
| 546 | _aText in English and abstract in Arabic & English. | ||
| 650 | 0 | _aNatural Gum | |
| 650 | 0 | _aالصمغ الطبيعي | |
| 653 | 1 |
_aGum Arabic _aOxidative Stress _aAntioxidant _aAnti-inflammatory _aKidney _aLiver _aالصمغ العربي _aالأكسدة |
|
| 700 | 0 |
_aHanaa Fawzy Mohamed Ali _ethesis advisor. |
|
| 700 | 0 |
_aYasmin Emam Abdel-Mobdy _ethesis advisor. |
|
| 700 | 0 |
_aHassan Mohamed Salem _ethesis advisor. |
|
| 900 |
_b01-01-2025 _cHanaa Fawzy Mohamed Ali _cYasmin Emam Abdel-Mobdy _cHassan Mohamed Salem _dSalah Moustafa Mahmoud Saad _dSherief Helmy Ahmed _UCairo University _FFaculty of Agriculture _DDepartment of Agricultural Biochemistry |
||
| 905 | _aShimaa | ||
| 942 |
_2ddc _cTH _e21 _n0 |
||
| 999 | _c179488 | ||